Normal view
MARC view
Entry Personal Name
001 - CONTROL NUMBER
- control field: 50133
003 - CONTROL NUMBER IDENTIFIER
- control field: OSt
005 - DATE AND TIME OF LATEST TRANSACTION
- control field: 20250117165548.0
008 - FIXED-LENGTH DATA ELEMENTS
- fixed length control field: 250117|| aca||aabn | a|a d
040 ## - CATALOGING SOURCE
- Original cataloging agency: OSt
- Transcribing agency: OSt
100 ## - HEADING--PERSONAL NAME
- Personal name: Agyeman, Fredrick Oteng , et al
670 ## - SOURCE DATA FOUND
- Source citation: Work cat.: (OSt)525396: Agyeman, Fredrick Oteng , et al , Economic contagion and the repercussion on remittances: Evidence from low and middle-income economies
